000
00315nam a22001457a 4500
008
210312b ||||| |||| 00| 0 eng d
020
_a
9780132106344
041
_a
eng
080
_2
7th
_a
338
082
_2
7th
_a
338
100
_a
54
101
_a
MEN
245
_a
Modern Managment
_c
Certo,C.S
942
_2
udc
_c
BK
999
_c
56473
_d
56473